Marcela, Pedrita mãe aflita (Record no. 48363)

MARC details
000 -LÍDER
campo de controle de tamanho fixo 00347 a2200145 4500
001 - NÚMERO DE CONTROLE
campo de controle 48363
040 ## - FONTE DA CATALOGAÇÃO
Instituição que transcreveu o registro Anchieta - Bela Vista
100 ## - ENTRADA PRINCIPAL--NOME PESSOAL
Nome pessoal BUENO, Maria Célia
240 10 - TÍTULO UNIFORME
Título uniforme Marcela, Pedrita mãe aflita
Idioma da obra por
245 10 - TÍTULO
Título Marcela, Pedrita mãe aflita
300 ## - DESCRIÇÃO FÍSICA
Extensão 16 p.
362 0# - DATAS DE PUBLICAÇÃO E/OU DESIGNAÇÃO SEQUENCIAL
Datas de publicação e/ou designação sequencial 1995
650 #4 - ASSUNTO--TERMO TÓPICO
Cabeçalho tópico ou nome geográfico Literatura infanto-juvenil
942 ## - ELEMENTOS DE ENTRADA ADICIONADOS (KOHA)
Tipo de material Koha Livros
Holdings
Situação do descarte Situação das perdas Situação física Não pode ser emprestado Biblioteca de origem Biblioteca atual Data de aquisição Total de empréstimos Número de chamada completo Código de barras Data de último acesso Data do preço efetivo Tipo de material Koha
        Colégio Anchieta - Bela Vista Colégio Anchieta - Bela Vista 21/11/2023   028.5 B928m BUE MAR 235/BEL 21/11/2023 21/11/2023 Livros